Last Letter of Each U.S. State - Statistics

General Stats
  • This quiz has been taken 93 times
  • The average score is 45 of 50
Answers on the Map
Answers color-coded by a green-red scale on the quiz's map according to % correct below.
 
Answer Stats
Answer % Correct
A
100%
A
100%
A
100%
A
100%
A
100%
A
100%
A
100%
A
100%
A
100%
A
100%
A
100%
A
100%
A
100%
A
100%
A
100%
A
100%
A
100%
A
100%
A
100%
A
100%
A
100%
S
95%
S
95%
S
95%
S
95%
S
95%
E
92%
E
92%
E
92%
E
92%
O
92%
O
92%
O
92%
O
92%
N
89%
N
89%
N
89%
N
89%
I
80%
I
80%
I
80%
K
80%
Y
74%
Y
74%
H
72%
G
69%
T
65%
T
65%
D
62%
D
62%
No matching quizzes found
Score Distribution
Percent of People with Each Score
Percentile by Number Answered
Your Score History
You have not taken this quiz